1087 1856 1571 1753 1461 1968 1798 1539 1840 1580 1512 1950 1011 1914 1867 1896 1269 1510 1075 1877 1536 1480 1928 1111 1891 1218 1892 1500 1897 1837 1953 1718 1484 1060 1491 1096 1781 1359 1595 1477 1161 1889 1864 1956 1801 1524 1525 1975 1470 1569 1972 1988 1240 1462 1818 1321 1634 1031 1597 1259 1779 1151 1024 1312 1160 1455 1546 1885 1790 1622 1285 1585 1151 1418 1603 1147 1459 1685 1424 1979 1880 1716 1877 1212 1948 1272 1777 1152 1474 1677 1246 1459 1123 1189 1142 1131 1601 1447 1448 BCNSPRNW ULIB Ver.6.0+V

เปลี่ยนเป็นภาษาไทย

Change to English
 แสดงรายละเอียดบรรณานุกรม
  กลับหน้าหลัก

Brief Record : Get Marc (ISO 2709) : E-mail record : QR code < ปิดหน้าต่าง
LEADER : 00000nam 2200000uu 4500
001    13399125633
003     ULIB
008    170712s2007||||th 000 0 tha d
020    ^a9786167164120
041 1  ^atha^heng
060 04 ^aWA100^bก269ค
100 1  ^aกรูพแมน, เจอโรม
245 10 ^aคิดแบบหมอหายไว คิดแบบคนไข้ตายเร็ว =^bHow doctors think /^cเจอโรม กรูพแมน ; บุญส่ง รักวิริยะ, แปล
246 31 ^aHow doctors think
260    ^aกรุงเทพฯ :^bวีเลิร์น,^c2557
300    ^a324 หน้า ;^c21 ซม.
650  4 ^aการแพทย์
650  4 ^aการรักษา
650  4 ^aจิตวิทยา
650  4 ^aแพทย์^xการรักษา
700 0  ^aบุญส่ง รักวิริยะ,^eผู้แปล
700 12 ^aGroopman, Jerome,^tHow doctors think
945    ^p250^l0^i002611
999    ^aประนอม เกษจรัล
รายการนี้ยังไม่มีแท็ก
คุณยังไม่ได้ล็อกอิน คุณสามารถมีกิจกรรมร่วมกับเว็บไซต์ได้ แต่ต้องล็อกอินก่อน ::
  ล็อกอิน

รายการสื่อสารสนเทศ

ลำดับที่ ประเภท เลขเรียก/บาร์โค้ด สถานที่ สถานะ
1. วิทยาศาสตร์การแพทย์ และสุขภาพ
วิทยาศาสตร์การแพทย์ และสุขภาพ
สถานะ=หนังสือเก่า
WA100 ก269ค ฉ.1 
  Barcode: 002611
ห้องสมุดวิทยาเขตสวรรค์ประชารักษ์
►ส่วนจัดเก็บหนังสือเก่า สปร
บนชั้น
  ขอยืม

รายการใกล้เคียง
    ผู้แต่ง [กรูพแมน, เจอโรม]

    หัวเรื่อง [การแพทย์]
    หัวเรื่อง [การรักษา]
    หัวเรื่อง [จิตวิทยา]

BibComment


ยังไม่เคยถูกคอมเมนท์

คอมเมนท์ทรัพยากรรายการนี้
  คอมเมนท์: คิดแบบหมอหายไว ค..


 Copyright 2026. Bcnsprnw @Library